20th century European rationalism / (Record no. 3153)

MARC details
000 -LEADER
fixed length control field 00858nac a22002411u 4500
003 - CONTROL NUMBER IDENTIFIER
control field EG-ScBUE
005 - DATE AND TIME OF LATEST TRANSACTION
control field 20221211132616.0
008 - FIXED-LENGTH DATA ELEMENTS--GENERAL INFORMATION
fixed length control field 130127s1995 enkabe f b 000 0 eng d
020 ## - INTERNATIONAL STANDARD BOOK NUMBER
International Standard Book Number 1854904051
020 ## - INTERNATIONAL STANDARD BOOK NUMBER
International Standard Book Number 97818549040581
040 ## - CATALOGING SOURCE
Original cataloging agency EG-ScBUE
Language of cataloging eng
Description conventions rda
Transcribing agency EG-ScBUE
Modifying agency EG-ScBUE
082 04 - DEWEY DECIMAL CLASSIFICATION NUMBER
Classification number 724.6
Item number KOU
Edition number 22
100 1# - MAIN ENTRY--PERSONAL NAME
Personal name Koulermos, Panos,
Relator term author.
9 (RLIN) 32008
245 10 - TITLE STATEMENT
Title 20th century European rationalism /
Statement of responsibility, etc Panos Koulermos ; edited by James Steele.
264 #1 - PUBLICATION, DISTRIBUTION, ETC. (IMPRINT)
Place of publication, distribution, etc London :
Name of publisher, distributor, etc Academy Editions,
Date of publication, distribution, etc 1995.
300 ## - PHYSICAL DESCRIPTION
Extent 223 pages :
Other physical details illustrations (some color), map, plans ;
Dimensions 32 cm
504 ## - BIBLIOGRAPHY, ETC. NOTE
Bibliography, etc Includes bibliographical references.
650 #7 - SUBJECT ADDED ENTRY--TOPICAL TERM
Topical term or geographic name as entry element Architecture, Modern
Chronological subdivision 20th century
Geographic subdivision Europe.
Source of heading or term BUEsh
9 (RLIN) 32009
650 #7 - SUBJECT ADDED ENTRY--TOPICAL TERM
Topical term or geographic name as entry element Rationalism
Geographic subdivision Europe.
Source of heading or term BUEsh
9 (RLIN) 10821
653 ## - INDEX TERM--UNCONTROLLED
Resource For college Engineering, Architecture
655 ## - INDEX TERM--GENRE/FORM
Form subdivision Projects - Students
942 ## - ADDED ENTRY ELEMENTS (KOHA)
Koha item type Book - Borrowing
Call number prefix 724.6 KOU
Source of classification or shelving scheme Dewey Decimal Classification
Holdings
Withdrawn status Lost status Source of classification or shelving scheme Damaged status Not for loan Collection code Home library Current library Shelving location Date acquired Source of acquisition Total Checkouts Full call number Barcode Date last seen Price effective from Koha item type
    Dewey Decimal Classification     Baccah Central Library Central Library Second Floor 04/04/2007     724.6 KOU 000001473 15/07/2025 25/03/2007 Book - Borrowing